Madda thaun telakhonni poriant (Record no. 211719)
[ view plain ]
| 000 -LEADER | |
|---|---|
| fixed length control field | 01268nam a2200277Ia 4500 |
| 003 - CONTROL NUMBER IDENTIFIER | |
| control field | OSt |
| 005 - DATE AND TIME OF LATEST TRANSACTION | |
| control field | 20240530121956.0 |
| 008 - FIXED-LENGTH DATA ELEMENTS--GENERAL INFORMATION | |
| fixed length control field | 210719s2020 xx 000 0 und d |
| 020 ## - INTERNATIONAL STANDARD BOOK NUMBER | |
| International Standard Book Number | 978-81-944839-0-8 |
| 040 ## - CATALOGING SOURCE | |
| Transcribing agency | AL |
| 041 ## - LANGUAGE CODE | |
| Language code of text/sound track or separate title | Konkani / Devnagari / Romi |
| 082 ## - DEWEY DECIMAL CLASSIFICATION NUMBER | |
| Classification number | 891.468 FERM |
| 100 ## - MAIN ENTRY--PERSONAL NAME | |
| Personal name | FERNANDES (ANTONIO VERONICA) |
| 9 (RLIN) | 114658 |
| 245 ## - TITLE STATEMENT | |
| Title | Madda thaun telakhonni poriant |
| Remainder of title | माडा थावन तेलाखाणी परयांत |
| Statement of responsibility, etc. | ಮಾಡಾ ಥಾವ್ನ್ ತೆಲಾಖಣಿ ಪರ್ಯಂತ್ |
| 260 ## - PUBLICATION, DISTRIBUTION, ETC. | |
| Place of publication, distribution, etc. | Mangaluru |
| Name of publisher, distributor, etc. | Konkani Prakashanalaya |
| Date of publication, distribution, etc. | 2020 |
| 300 ## - PHYSICAL DESCRIPTION | |
| Extent | 213 |
| Other physical details | PB |
| 365 ## - TRADE PRICE | |
| Price amount | 250 |
| Currency code | Rs |
| 650 ## - SUBJECT ADDED ENTRY--TOPICAL TERM | |
| Topical term or geographic name entry element | Konkani Literature |
| 9 (RLIN) | 114659 |
| 650 ## - SUBJECT ADDED ENTRY--TOPICAL TERM | |
| Topical term or geographic name entry element | Kuwait - iraq war expirience |
| 9 (RLIN) | 114694 |
| 650 ## - SUBJECT ADDED ENTRY--TOPICAL TERM | |
| Topical term or geographic name entry element | kuwait Iraq zuza Onbogachim borapam |
| 9 (RLIN) | 114681 |
| 650 ## - SUBJECT ADDED ENTRY--TOPICAL TERM | |
| Topical term or geographic name entry element | Konkani Miscellaneous |
| 9 (RLIN) | 114660 |
| 650 ## - SUBJECT ADDED ENTRY--TOPICAL TERM | |
| Topical term or geographic name entry element | ಕುವೈಟ್ - ಇರಾಕ್ ಝುಜಾ ಅನ್ಭೋಗಾಚಿಂ ಬರ್ಪಂ |
| 9 (RLIN) | 114693 |
| 700 ## - ADDED ENTRY--PERSONAL NAME | |
| Personal name | QUADROS (Valley) |
| Dates associated with a name | ವಲ್ಲಿ ಕ್ವಾಡ್ರಸ್ tr |
| 9 (RLIN) | 159024 |
| 906 ## - LOCAL DATA ELEMENT F, LDF (RLIN) | |
| a | anbogachim ; barapam ; by ; irak ; Iraq ; khonni ; kuvait ; Kuwait ; Madathavn ; Madda ; paryant: ; poryant ; Quadras ; tela ; telakhani ; thaun ; thavn ; tr ; Vally ; zaja |
| 942 ## - ADDED ENTRY ELEMENTS (KOHA) | |
| Source of classification or shelving scheme | Dewey Decimal Classification |
| Koha item type | Book |
| Withdrawn status | Lost status | Damaged status | Not for loan | Collection code | Home library | Current library | Date acquired | Source of acquisition | Cost, normal purchase price | Total Checkouts | Full call number | Barcode | Date last seen | Cost, replacement price | Price effective from | Koha item type |
|---|---|---|---|---|---|---|---|---|---|---|---|---|---|---|---|---|
| St Aloysius Library | St Aloysius Library | 02/05/2021 | Ashawadi Prakashan, Ghansoli, Maharastra-400701 | General Annual | 250.00 | 891.468 FERM | 074533 | 07/19/2021 | 200.00 | 07/19/2021 | Book | ||||||
| St Aloysius Library | St Aloysius Library | 02/05/2021 | Ashawadi Prakashan, Ghansoli, Maharastra-400701 | General Annual | 250.00 | 891.468 FERM | 074534 | 07/19/2021 | 200.00 | 07/19/2021 | Book |